| 000 | 02362nam a22002417a 4500 | ||
|---|---|---|---|
| 003 | URS | ||
| 005 | 20250225224442.0 | ||
| 008 | 250225b |||||||| |||| 00| 0 eng d | ||
| 050 | 0 | 0 |
_aLG 221.R59 _bAr274 2022 |
| 100 | 1 |
_aArcon, Louie Jean, Dela Cerna, Preince Jay, [and] Mercado, Ma. Veronica _eResearchers |
|
| 245 | 1 | 0 |
_aEstablishment of popeyes flat bread in Manggahan, Rodriguez Rizal _cArcon, Louie Jean |
| 300 |
_axi, 136 leaves; _billustrations _c28cm |
||
| 336 |
_2rdacontent _atext |
||
| 337 |
_2rdamedia _aunmediated |
||
| 338 |
_2rdacarrier _avolume |
||
| 502 |
_aUndergraduate Thesis _bBachelor of Science in Business Administration _cUniversity of Rizal System, Rodriguez, Rizal _d2022 |
||
| 520 | _aPopeye's Flat bread is coming from the fictional character in the late 90's Popeye's the Sailorman which refers to the strength when you eat the flatbread. The "Popeye's Flat Bread" is a pizza like food that is made with a healthy ingredient that everyone wants. The proponents of the Popeye's Flat bread are very motivated to provide quality customer service to the consumers and to satisfy their taste-buds. The Popeye's Flat bread is a business that provides quality customer service and products such delicious different flavor of flat bread. The Popeye's Flat Bread is located at Manggahan highway Rodriguez, Rizal, beside Mercury drugs. Even if there is a similar product offered in the said location, the proponents still want to provide a tastier and better-quality service to the consumer so that location. This project will boom and be enjoyed by the people in the said location as the proponents will take so much time to improve the ambiance of the store which will surely entertain the target customers. The proponents showed interest in serving and satisfy its people The Popeye's Flat Bread has formed as a Partnership consisting of three (3) owners. The sources of capital came from each owner amounts to two hundred sixty-seven thousand. The business has three (3) employees: Chef Baker, Service Crew and Delivery Man. The business will operate from Mondays to Sundays. Its operating hours will be from 8:00 am to 8:00 pm. | ||
| 650 | _2Popeye's Flat bread | ||
| 700 |
_aDela Cerna, Preince Jay _eResearcher |
||
| 700 |
_aMercado, Ma. Veronica _eResearcher |
||
| 700 |
_aHernandez, Marilou C. _eAdviser |
||
| 942 |
_2lcc _cT |
||
| 999 |
_c82180 _d82179 |
||